LEADER 00783nam0-22002891i-450- 001 990006498880403321 005 20001010 035 $a000649888 035 $aFED01000649888 035 $a(Aleph)000649888FED01 035 $a000649888 100 $a20001010d--------km-y0itay50------ba 101 0 $aita 105 $ay-------001yy 200 1 $aEritrea$eA Colony in Transition$e1941- 52$fG.K.N. Trevaskis 210 $aLondon$cOxford University Press$d1960. 215 $aVIII, 137 p.$d22 cm 676 $a963 700 1$aTrevaskis,$bGerald Kennedy Nicholas$0244795 801 0$aIT$bUNINA$gRICA$2UNIMARC 901 $aBK 912 $a990006498880403321 952 $aXIV E 1327$b14308$fFSPBC 959 $aFSPBC 996 $aEritrea$9654116 997 $aUNINA DB $aGEN01 LEADER 01145nam0-22003251i-450- 001 990000341540403321 005 20001010 010 $a0-8412-1536-1 035 $a000034154 035 $aFED01000034154 035 $a(Aleph)000034154FED01 035 $a000034154 100 $a20001010d--------km-y0itay50------ba 101 0 $aita 105 $ay-------001yy 200 1 $aPYROLYSYS oils from biomass$eproducing, analyzing, and upgrading. Developed from a symposium sponsored by the Cellulose,Paper, and Textile Division and the Division of Fuel Chemistry at the 193rd Meeting of the American Chemical Society, Denver, Colorado, April 5-10, 1987$fEditors$eEd J. Soltes, Thomas A. Milne. 210 $aWashington$cAmerican Chemical Society$d1988 215 $aXII,353 p. ill. 24 cm 225 1 $aACS symposium series$v376 676 $a662.8 702 1$aMilne,$bThomas A. 702 1$aSoltes,$bEd J. 801 0$aIT$bUNINA$gRICA$2UNIMARC 901 $aBK 912 $a990000341540403321 952 $a04 176-49$bDIC 1274$fDINCH 959 $aDINCH 996 $aPYROLYSYS oils from biomass$9124928 997 $aUNINA DB $aING01 LEADER 00804nam0-22002771i-450- 001 990001617220403321 005 20081204131303.0 035 $a000161722 035 $aFED01000161722 035 $a(Aleph)000161722FED01 035 $a000161722 100 $a20030910d1941----km-y0itay50------ba 101 0 $aita 200 1 $a<>conquista della materia$edall'alchimia alla radioattivitą artificiale$fBernard Jaffe 210 $aVerona$cA. Mondadori$d1941 215 $a343 p.$d19 cm 610 0 $aChimica$aFilosofia 676 $a540.1 700 1$aJaffe,$bBernard$f<1896- >$068943 801 0$aIT$bUNINA$gRICA$2UNIMARC 901 $aBK 912 $a990001617220403321 952 $a60 DONO BOTTINI 35$b48670$fFAGBC 959 $aFAGBC 996 $aConquista della materia$9369603 997 $aUNINA LEADER 00763nam0-22002891i-450- 001 990003341300403321 005 20001010 035 $a000334130 035 $aFED01000334130 035 $a(Aleph)000334130FED01 035 $a000334130 100 $a20001010d--------km-y0itay50------ba 101 0 $aita 105 $ay-------001yy 200 1 $a<>AMERICAN NOVEL 210 $aNEW YORK$cBSSIC BOOKS$d1965 610 0 $aStoria e Critica Letteraria Letteratura Americana 676 $a809/810 700 1$aStegner,$bWellace$0377324 801 0$aIT$bUNINA$gRICA$2UNIMARC 901 $aBK 912 $a990003341300403321 952 $a809/810 STE$bLINGUE 94$fDECLI 959 $aDECLI 996 $aAMERICAN NOVEL$9442410 997 $aUNINA DB $aING01 LEADER 01304nam 2200397Ia 450 001 996386168503316 005 20200824132739.0 035 $a(CKB)4940000000077582 035 $a(EEBO)2240955198 035 $a(OCoLC)ocm12533188e 035 $a(OCoLC)12533188 035 $a(EXLCZ)994940000000077582 100 $a19850910d1690 uy | 101 0 $aeng 135 $aurbn||||a|bb| 200 14$aThe ingenious youth's companion$b[electronic resource] $efurnished with variety of copies of the hand in fashion, adorned with curious ffigures [sic] and flourishes /$finvented and performed ... by John Seddon 210 $a[London] $cSold by Iohn Stuart ...$d[1690?] 215 $a15 leaves of plates $cill 300 $aEngraved throughout by John Sturt. 300 $aPlace and date of publication from Wing. 300 $aReproduction of original in British Library. 330 $aeebo-0018 606 $aCopybooks 606 $aMaxims 615 0$aCopybooks. 615 0$aMaxims. 700 $aSeddon$b John$f1644-1700.$01006904 701 $aSturt$b John$f1658-1730.$01002176 801 0$bEAA 801 1$bEAA 801 2$bm/c 801 2$bWaOLN 906 $aBOOK 912 $a996386168503316 996 $aThe ingenious youth's companion$92318288 997 $aUNISA LEADER 02278nam 2200589 450 001 9910788885803321 005 20170821171955.0 010 $a1-4704-0804-X 035 $a(CKB)3360000000464568 035 $a(EBL)3113736 035 $a(SSID)ssj0000973261 035 $a(PQKBManifestationID)11527842 035 $a(PQKBTitleCode)TC0000973261 035 $a(PQKBWorkID)10958993 035 $a(PQKB)10349058 035 $a(MiAaPQ)EBC3113736 035 $a(RPAM)3854271 035 $a(PPN)195412672 035 $a(EXLCZ)993360000000464568 100 $a20140905h19881988 uy 0 101 0 $aeng 135 $aur|n|---||||| 181 $ctxt 182 $cc 183 $acr 200 10$aClassification of Jacobian ideals invariant by sl(2, C) actions /$fStephan S.-T. Yau 210 1$aProvidence, Rhode Island :$cAmerican Mathematical Society,$d1988. 210 4$d©1988 215 $a1 online resource (189 p.) 225 1 $aMemoirs of the American Mathematical Society,$x0065-9266 ;$vVolume 72, Number 384 300 $a"March 1988, Volume 72, Number 384 (end of volume)." 311 $a0-8218-2447-3 320 $aIncludes bibliographical references. 327 $a""TABLE OF CONTENTS""; ""0. INTRODUCTION""; ""1. PRELIMINARIES AND STATEMENT OF RESULTS""; ""2. sl(2.C) ACTION (1.6) ON M[sup(k)][sub(5)]""; ""3. sl(2.C) ACTION (1.5) ON M[sup(k)][sub(5)]""; ""4. sl(2.C) ACTION (1.4) ON M[sup(k)][sub(5)]""; ""5. sl(2.C) ACTION (1.3) ON M[sup(k)][sub(5)]""; ""6. sl(2.C) ACTION (1.2) ON M[sup(k)][sub(5)]""; ""7. sl(2.C) ACTION (1.1) ON M[sup(k)][sub(5)]""; ""8. PROOF OF THE MAIN THEOREM"" 410 0$aMemoirs of the American Mathematical Society ;$vVolume 72, Number 384. 606 $aLie algebras 606 $aSingularities (Mathematics) 606 $aIdeals (Algebra) 606 $aPolynomials 615 0$aLie algebras. 615 0$aSingularities (Mathematics) 615 0$aIdeals (Algebra) 615 0$aPolynomials. 676 $a512/.55 700 $aYau$b Stephen Shing-Toung$01479865 801 0$bMiAaPQ 801 1$bMiAaPQ 801 2$bMiAaPQ 906 $aBOOK 912 $a9910788885803321 996 $aClassification of Jacobian ideals invariant by sl(2, C) actions$93696215 997 $aUNINA